000 00427nam a2200157 a 4500
001 000028905
005 20200930055217.0
008 110412s1984 dr 000 0 spa d
040 _aDO-SdBNP
_bspa
_cBNPHU
082 _axxx
_bS211c
100 1 _aSánchez, Carlos
_955867
245 1 0 _aConvocatoria /
_cCarlos Sánchez.
260 _aSanto Domingo :
_bArtes Gráficas Poly,
_c1984.
300 _a83 p. ;
_c20 cm.
049 _aBNPD
999 _c28397
_d28397